Be your own english teacher! puntuation. (Record no. 112818)
[ view plain ]
| 000 -LEADER | |
|---|---|
| fixed length control field | 00337nam a2200121 a 4500 |
| 005 - DATE AND TIME OF LATEST TRANSACTION | |
| control field | 20140414131952.0 |
| 008 - FIXED-LENGTH DATA ELEMENTS--GENERAL INFORMATION | |
| fixed length control field | 110207s19uu xx 00 eng d |
| 050 ## - LIBRARY OF CONGRESS CALL NUMBER | |
| Classification number | TR 411 |
| Item number | C56 2002 |
| 100 ## - MAIN ENTRY--PERSONAL NAME | |
| Personal name | Hidalgo, Cristina Pantoja |
| 245 ## - TITLE STATEMENT | |
| Title | Be your own english teacher! puntuation. |
| 260 ## - PUBLICATION, DISTRIBUTION, ETC. (IMPRINT) | |
| Name of publisher, distributor, etc | Miflores Publishing, |
| Date of publication, distribution, etc | 2005. |
| Withdrawn status | Lost status | Damaged status | Home library | Current library | Shelving location | Date acquired | Total Checkouts | Full call number | Barcode | Date last seen | Price effective from | Koha item type |
|---|---|---|---|---|---|---|---|---|---|---|---|---|
| Munich Library | Munich Library | Teachers Reference Section | 02/07/2011 | TR 411 C56 2002 | M4211 | 04/14/2014 | 04/14/2014 | Books |